|
|
|
|
| LEADER |
00000nam a2200000 4500 |
| 008 |
150803b201 C ||||| |||| 00| | spa d |
| 090 |
|
|
|a 14.02.02
|b 2152
|
| 100 |
1 |
|
|9 684
|a González Gómez, Alejandra
|
| 245 |
1 |
0 |
|a Uniones tempranas y embarazo en la niñez y la adolescencia en Costa Rica /
|c Elaborado por Alejandra González Gómez
|
| 260 |
|
|
|a San José, Costa Rica :
|b Fondo de Población de las Naciones Unidas,
|c 2013
|
| 300 |
|
|
|a 19 páginas
|
| 650 |
1 |
4 |
|9 5
|a ADOLESCENTES
|
| 650 |
1 |
4 |
|9 50
|a EMBARAZO
|
| 650 |
1 |
4 |
|9 60
|a NIÑAS
|
| 651 |
|
4 |
|9 47
|a COSTA RICA
|
| 942 |
|
|
|i 003765
|h 14.02.02 2152
|2 z
|c 01
|
| 999 |
|
|
|c 2755
|d 2755
|